| 000 | 00783nam a2200217 a 4500 | ||
|---|---|---|---|
| 001 | 000001269 | ||
| 005 | 20200929145527.0 | ||
| 008 | 840313s1968 it 000 0 ita | ||
| 040 |
_aDO-SdBNP _cCarP _dDLC |
||
| 082 |
_a850.91 _bI377p |
||
| 100 | 1 |
_aIncoronato, Luigi, _d1920-1967. _94309 |
|
| 245 | 1 | 3 |
_aLe pareti bianche, Scala a San Potito / _cLuigi Incoronato. |
| 260 |
_aMilano : _bA. Mondadori, _c1968. |
||
| 300 |
_a231 p. ; _c19 cm. |
||
| 490 | 1 |
_aNarratori Italiani _vvol. 166 |
|
| 490 | 1 |
_aNella collezione La Medusa degli Italiani _vno. 43 |
|
| 650 | 4 |
_aLiteratura italiana _ySIGLO XX _94310 |
|
| 740 | 0 | _aScala a San Potito. | |
| 830 | 0 |
_aNarratori Italiani ; _vvol. 166. _pNella collezione La Medusa degli Italiani ; _vno. 43. _94311 |
|
| 910 | _aCatalogación por copia / LC | ||
| 999 |
_c1212 _d1212 |
||